| 000 | 00839nam a22002297a 4500 | ||
|---|---|---|---|
| 008 | 081021t xxu||||| |||| 00| 0 eng d | ||
| 010 | _aENG-91403 | ||
| 020 |
_c90.00 _a8185517746 |
||
| 035 | _aEN-74936 | ||
| 037 | _bDBAD / PUB | ||
| 040 |
_adpl _bEnglish |
||
| 082 | _a572.429 | ||
| 100 | _aPrabakaran, V. | ||
| 245 |
_aMicrobial biodegradation and bioremediation / _cby V. Prabakaran |
||
| 260 |
_aTamil Nadu _bPalani Paramount Publications _c2006 |
||
| 300 |
_aviii, 107p. : _c20cm (pbk) _bill. |
||
| 500 | _aIncludes references | ||
| 650 | _aMicrobial metabolism | ||
| 650 | _aBiodegradation | ||
| 942 |
_2ddc _cEN _mPRA _h572.429 |
||
| 999 |
_c16970 _d16970 |
||